| 000 | 00466nam a2200193Ia 4500 | ||
|---|---|---|---|
| 005 | 20240823050410.0 | ||
| 008 | 240823s9999||||xx |||||||||||||| ||und|| | ||
| 020 | _a81-8014-006-7 | ||
| 041 | _aENGLISH | ||
| 082 | _A624.15136 Q1 | ||
| 100 | _aArora K R | ||
| 245 | 0 | _aSoil Mechanics and Foundation Engineering | |
| 250 | _a6th | ||
| 260 |
_c2011 _b"Standard Pub," _aDelhi |
||
| 500 | _aYES | ||
| 650 |
_aSoil Testing _bCivil |
||
| 942 | _cBK | ||
| 999 |
_c217162 _d217162 |
||